Kashmir.

Saved in:
Bibliographic Details
Main Author: Puli︠a︡rkin, Valeriĭ Alekseevich.
Format: Book
Language:Russian
Published: Moskva, Gos. izd-vo geogr. lit-ry, 1956.
Subjects:
Tags: Add Tag
No Tags, Be the first to tag this record!
LEADER 00857nam a2200241I 4500
001 002425400-2
005 20020606093309.7
008 900404s1956 rurab b 00000 rusr
010 |a  57031623  
035 0 |a ocm21318817 
040 |a DLC  |c GUA  |d GUA  |d CRL 
043 |a a-ii--- 
050 0 |a DS485.K2  |b P8 
100 1 |a Puli︠a︡rkin, Valeriĭ Alekseevich. 
245 0 0 |a Kashmir. 
260 0 |a Moskva,  |b Gos. izd-vo geogr. lit-ry,  |c 1956. 
300 |a 225, [3] p.  |b illus., maps (1 fold., 1 col.)  |c 21 cm. 
500 |a At head of title: Akademii︠a︡ nauk SSSR, Institut geografii. 
504 |a Bibliography: p. 223-[226] 
651 0 |a Jammu and Kashmir (India)  |x Description and travel. 
776 0 8 |i Online version:  |a Puli͡arkin, Valeriĭ Alekseevich.  |t Kashmir.  |d Moskva, Gos. izd-vo geogr. lit-ry, 1956  |w (OCoLC)652283568 
988 |a 20020608 
906 |0 DLC